Cabbage roses and other floral delights : (Запис № 477551)

МАРК-запис
000 -LEADER
fixed length control field 01194cam a2200241M 4500
001 - CONTROL NUMBER
control field cabbagerosesothe00jans
003 - CONTROL NUMBER IDENTIFIER
control field CaSfIA
005 - DATE AND TIME OF LATEST TRANSACTION
control field 20210117222236.0
007 - PHYSICAL DESCRIPTION FIXED FIELD--GENERAL INFORMATION
fixed length control field cr||||
008 - FIXED-LENGTH DATA ELEMENTS--GENERAL INFORMATION
fixed length control field 930630s1991 gau 000 0 eng d
040 ## - CATALOGING SOURCE
Original cataloging agency Nz
Transcribing agency NZCPL
Modifying agency CaSfIA
035 ## - SYSTEM CONTROL NUMBER
System control number (OCoLC)154095831
029 0# - (OCLC)
OCLC library identifier NZ1
System control number 4235140
100 1# - MAIN ENTRY--PERSONAL NAME
Personal name Jansen, Brenda
245 10 - TITLE STATEMENT
Title Cabbage roses and other floral delights :
Medium [electronic resource]
Remainder of title 18 acrylic painting projects featuring the enchanting rose /
Statement of responsibility, etc by Brenda Jansen.
260 ## - PUBLICATION, DISTRIBUTION, ETC. (IMPRINT)
Place of publication, distribution, etc Norcross, Ga. :
Name of publisher, distributor, etc Plaid Enterprises,
Date of publication, distribution, etc c1991.
300 ## - PHYSICAL DESCRIPTION
Extent 35 p. : ill. (some col.) ; 29 cm. + 2 patterns.
506 ## - RESTRICTIONS ON ACCESS NOTE
Standardized terminology for access restriction Необхідна авторизація на https://archive.org/ (створення облікового запису безкоштовно)
506 ## - RESTRICTIONS ON ACCESS NOTE
Standardized terminology for access restriction Необхідна авторизація на https://openlibrary.org/ (створення облікового запису безкоштовно)
856 41 - ELECTRONIC LOCATION AND ACCESS
Uniform Resource Identifier <a href="http://www.archive.org/details/cabbagerosesothe00jans">http://www.archive.org/details/cabbagerosesothe00jans</a>
Public note Free eBook from the Internet Archive
856 42 - ELECTRONIC LOCATION AND ACCESS
Uniform Resource Identifier <a href="http://www.openlibrary.org/books/OL24202547M">http://www.openlibrary.org/books/OL24202547M</a>
Public note Additional information and access via Open Library
942 ## - ADDED ENTRY ELEMENTS (KOHA)
Koha item type ЕКнига

Немає доступних примірників.